|
|
|
|
| LEADER |
00000nab a2200000 a 4500 |
| 001 |
vtls000744344 |
| 003 |
SK-MaSNL |
| 005 |
20260302192748.0 |
| 008 |
131120c2000 xo 0 slo |
| 015 |
|
|
|a SNBRB2001/01-00917
|
| 035 |
|
|
|a CLN000096180
|
| 040 |
|
|
|a SNKBUCL
|b slo
|c SNKBUCL
|e AACR2
|
| 041 |
0 |
|
|a slo
|
| 044 |
|
|
|a xo
|c SK
|
| 080 |
|
|
|a 82(091):885.4"199"
|2 1997
|
| 080 |
|
|
|a 885.4(091)
|2 1997
|
| 080 |
|
|
|a 82:301
|2 1997
|
| 100 |
1 |
|
|a Gavura, Ján,
|d 1975-
|4 aut
|9 92301
|
| 245 |
1 |
0 |
|a Život - poézia - zbožné prianie
|c Ján Gavura
|
| 650 |
0 |
7 |
|a literatúra slovenská
|y stor. 20., r. 90
|2 snkbucl
|9 907372
|
| 655 |
|
7 |
|9 články z novín a časopisov
|2 snkbucl
|
| 773 |
0 |
|
|t Romboid
|g Roč. 35, č. 6 (2000), s. 6-7
|x 0231-6714
|
| 850 |
|
|
|a Slovenská národná knižnica v Martine
|
| 852 |
|
|
|a SNK
|b KIS3GCP
|
| 958 |
|
|
|a LX
|
| 958 |
|
|
|a SK
|
| 992 |
|
|
|a RBX
|
| 999 |
|
|
|c 1442002
|d 1443932
|